000 004210000a22001690004500
003 MACL
005 20160105173909.0
008 160105b xxu||||| |||| 00| 0 eng d
040 _aMACL
_cMACL
041 _aEnglish
082 _a823/DIV
100 _aDiver, Maud
_928378
245 _aLilamani
_ba study in possibilities
260 _bHutchinson & Co
_c1911
_aLondon
650 _aNovel
_9153
942 _cBK
_k823/DIV
_2ddc
999 _c36433
_d36433